000 00391nam a2200145Ia 4500
008 220214s9999 xx 000 0 und d
022 _a0006-341X
245 0 _aBIOMETRICS
260 _bBiometric Society, Alexandria, Virginia
_aUSA
310 _aQ
500 _aEnding Volume & Year: 46, 1990
500 _aMissing Volume: 31-42
500 _aStarting Volume & Year: 29, 1973
942 _cBJ
999 _c4001
_d4001